[Event "Titled Tue 20th May Early"]
[Site "chess.com INT"]
[Date "2025.05.20"]
[Round "3"]
[White "Adithya A Chullikkad"]
[Black "Aarav A"]
[Result "0-1"]
[WhiteTitle "CM"]
[BlackTitle "CM"]
[WhiteElo "2214"]
[BlackElo "2207"]
[WhiteFideId "45078734"]
[BlackFideId "25162748"]
[EventDate "2025.05.20"]

1. d4 Nf6 2. c4 e6 3. Nc3 Bb4 4. Qc2 d6 5. e4 c5 6. Be3 cxd4 7. Bxd4 Nc6 8. Be3
Ng4 9. O-O-O Nxe3 10. fxe3 Qa5 11. Nge2 O-O 12. a3 Bc5 13. Nd4 Bd7 14. Nb3 Bxe3+
15. Kb1 Qe5 16. Bd3 Nd4 17. Nxd4 Bxd4 18. Ne2 Bb6 19. Ng1 Bxg1 20. Rhxg1 Bc6 21.
g4 a6 22. h4 b5 23. g5 bxc4 24. Qxc4 Rfc8 0-1

[Event "Titled Tue 20th May Early"]
[Site "chess.com INT"]
[Date "2025.05.20"]
[Round "3"]
[White "Nakonechnyi, Oleksii"]
[Black "Jiganchine, Roman"]
[Result "1-0"]
[BlackTitle "CM"]
[WhiteElo "2224"]
[BlackElo "2205"]
[WhiteFideId "34173714"]
[BlackFideId "2603667"]
[EventDate "2025.05.20"]

1. e4 e5 2. Nf3 Nc6 3. Bb5 f5 4. d3 fxe4 5. dxe4 Nf6 6. Nc3 Bb4 7. O-O Bxc3 8.
bxc3 O-O 9. Qd3 d6 10. Nd2 Kh8 11. f3 Qe8 12. Ba3 Qg6 13. Rf2 Nh5 14. Qe3 Nf4
15. Kh1 Ne7 16. Bf1 Qh5 17. g3 Ne6 18. Bg2 Bd7 19. Rg1 a6 20. Bc1 Rf7 21. f4
Raf8 22. f5 Nc5 23. Nb3 b6 24. Bf3 Qh3 25. Qe2 Bc6 26. Nxc5 bxc5 27. Bg2 1-0

[Event "Titled Tue 20th May Early"]
[Site "chess.com INT"]
[Date "2025.05.20"]
[Round "3"]
[White "Tsydypov, Zhamsaran"]
[Black "Cieslak, Patryk"]
[Result "1-0"]
[WhiteTitle "GM"]
[BlackTitle "FM"]
[WhiteElo "2514"]
[BlackElo "2442"]
[WhiteFideId "4108566"]
[BlackFideId "21078882"]
[EventDate "2025.05.20"]

1. e4 c6 2. d4 d5 3. e5 Bf5 4. Nd2 a6 5. Nb3 e6 6. Nf3 c5 7. dxc5 Bxc5 8. Nxc5
Qa5+ 9. c3 Qxc5 10. Nd4 Qc7 11. Nxf5 exf5 12. Qxd5 Ne7 13. Qd6 Qxd6 14. exd6
Nec6 15. Bf4 Nd7 16. O-O-O O-O-O 17. f3 f6 18. h4 g6 19. Bc4 h6 20. Be6 g5 21.
Bg3 f4 22. Bf2 Kb8 23. hxg5 fxg5 24. c4 Nde5 25. c5 Rde8 26. Bf5 Ref8 27. Be4 g4
28. Rh5 gxf3 29. gxf3 Nf7 30. Bh4 Nfe5 31. a3 a5 32. Be7 Re8 33. Bf6 Rhf8 34.
Bxe5 Rxe5 35. Rxe5 Nxe5 36. b4 axb4 37. axb4 Rc8 38. Rd5 Nc6 39. b5 Nb4 40. Rf5
Rd8 41. Kb2 b6 42. Kb3 bxc5 43. Rxc5 Rxd6 44. Kxb4 h5 45. Rxh5 Kc7 46. Rh7+ Kb6
47. Rb7# 1-0

[Event "Titled Tue 20th May Early"]
[Site "chess.com INT"]
[Date "2025.05.20"]
[Round "3"]
[White "Gnechko, Ruslan"]
[Black "Chaulagain, Purusottam"]
[Result "1-0"]
[BlackTitle "CM"]
[WhiteElo "2132"]
[BlackElo "1898"]
[WhiteFideId "14135868"]
[BlackFideId "12300730"]
[EventDate "2025.05.20"]

1. d4 d5 2. Nf3 e6 3. Bf4 c5 4. c3 Nc6 5. e3 Nf6 6. Nbd2 Bd6 7. Bg3 O-O 8. Bd3
b6 9. Qe2 Bb7 10. Rd1 Ne7 11. Ne5 Ne4 12. Bxe4 dxe4 13. dxc5 bxc5 14. Ndc4 Bd5
15. Nxd6 Qxd6 16. c4 Nf5 17. cxd5 Nxg3 18. hxg3 Qxe5 19. Rh5 f5 20. dxe6 Qxe6
21. b3 Rfd8 22. g4 g6 23. gxf5 Rxd1+ 24. Qxd1 gxf5 25. Rg5+ Kf7 26. Qh5+ Kf8 27.
Qxh7 Rd8 28. Qh8+ Ke7 29. Rg7+ 1-0

[Event "Titled Tue 20th May Early"]
[Site "chess.com INT"]
[Date "2025.05.20"]
[Round "3"]
[White "Pragnya H G"]
[Black "Bouska, Jiri"]
[Result "1-0"]
[WhiteTitle "WFM"]
[BlackTitle "FM"]
[WhiteElo "1929"]
[BlackElo "2318"]
[WhiteFideId "25609785"]
[BlackFideId "23722223"]
[EventDate "2025.05.20"]

1. a3 Nf6 2. b4 g6 3. Bb2 Bg7 4. Nf3 O-O 5. g3 d6 6. Bg2 e5 7. d3 Nbd7 8. O-O
Re8 9. c4 Rb8 10. Nc3 c6 11. e4 Nf8 12. Bc1 Bg4 13. h3 Bxf3 14. Bxf3 Ne6 15. Be3
Nd4 16. Bg2 Nh5 17. Ne2 f5 18. Bxd4 exd4 19. g4 fxg4 20. hxg4 Nf6 21. Ng3 Qd7
22. g5 Ng4 23. Bh3 Be5 24. Qxg4 Qe7 25. f4 Bh8 26. Qd7 Qf8 27. Be6+ Rxe6 28.
Qxe6+ Kg7 29. Qf6+ Qxf6 30. gxf6+ Kxf6 31. Rae1 a5 32. e5+ Ke7 33. exd6+ Kxd6
34. Ne4+ Kc7 35. Ng5 axb4 36. axb4 h6 37. Re7+ Kd6 38. Rfe1 hxg5 39. R1e6# 1-0

[Event "Titled Tue 20th May Early"]
[Site "chess.com INT"]
[Date "2025.05.20"]
[Round "3"]
[White "Sourath, Biswas"]
[Black "Lopusiewicz, Piotr"]
[Result "1-0"]
[WhiteTitle "FM"]
[BlackTitle "FM"]
[WhiteElo "2201"]
[BlackElo "2301"]
[WhiteFideId "35091484"]
[BlackFideId "1116029"]
[EventDate "2025.05.20"]

1. d4 Nf6 2. Bf4 d5 3. e3 c5 4. Nf3 Nc6 5. Nbd2 e6 6. c3 Nh5 7. Bg5 f6 8. Bh4
cxd4 9. exd4 Bd6 10. Ne5 Nf4 11. Nd3 Ng6 12. Bg3 O-O 13. Qh5 e5 14. dxe5 fxe5
15. O-O-O e4 16. Qxd5+ Kh8 17. Nxe4 Bxg3 18. Qxd8 Rxd8 19. hxg3 Bf5 20. Ng5 Nge5
21. Nxe5 Rxd1+ 22. Kxd1 Nxe5 23. Be2 Kg8 24. f4 Rd8+ 25. Kc1 Nd3+ 26. Bxd3 Rxd3
27. Rd1 h6 28. Rxd3 Bxd3 29. Nf3 Bf1 30. Ne1 Kf7 31. Kd2 Kf6 32. Ke3 Kf5 33. Kf2
Bc4 34. b3 Bb5 35. Ke3 Bc6 36. Nf3 Kg4 37. Kf2 b6 38. Ne5+ 1-0

[Event "Titled Tue 20th May Early"]
[Site "chess.com INT"]
[Date "2025.05.20"]
[Round "3"]
[White "Aadit, Bhatia"]
[Black "Maltsevskaya, Aleksandra"]
[Result "0-1"]
[BlackTitle "IM"]
[WhiteElo "2122"]
[BlackElo "2398"]
[WhiteFideId "25088955"]
[BlackFideId "24174041"]
[EventDate "2025.05.20"]

1. Nf3 Nf6 2. g3 g6 3. Bg2 Bg7 4. d4 d6 5. O-O O-O 6. Nc3 Nbd7 7. e4 e5 8. a4
exd4 9. Nxd4 Re8 10. Re1 Nc5 11. a5 a6 12. f3 h6 13. Be3 Nfd7 14. Qd2 Kh7 15.
Bf2 Ne5 16. b3 Ne6 17. Nde2 Ng5 18. Qf4 Nexf3+ 19. Bxf3 Nh3+ 20. Kg2 Nxf4+ 21.
gxf4 g5 22. f5 Bd7 23. Rad1 Bc6 24. Nd4 Be5 25. Bh5 Qf6 26. h3 Re7 27. Bf3 Rae8
28. Nb1 Bd7 29. c4 c5 30. Ne2 Bc6 31. Ng3 Bxg3 32. Bxg3 Bxe4 33. Rxd6 Bxf3+ 34.
Kxf3 Qxf5+ 35. Kg2 Rxe1 0-1

[Event "Titled Tue 20th May Early"]
[Site "chess.com INT"]
[Date "2025.05.20"]
[Round "3"]
[White "Sadey, Rinoa Mariel"]
[Black "Brown, Akeem"]
[Result "1-0"]
[BlackTitle "CM"]
[WhiteElo "1760"]
[BlackElo "2055"]
[WhiteFideId "5255945"]
[BlackFideId "7402023"]
[EventDate "2025.05.20"]

1. d4 Nf6 2. Nf3 d5 3. c4 e6 4. Nc3 Be7 5. Bf4 O-O 6. e3 c6 7. h3 Nbd7 8. c5 b6
9. b4 a5 10. a3 Ba6 11. Bxa6 Rxa6 12. b5 cxb5 13. c6 Nb8 14. c7 Qc8 15. Nxb5 Nc6
16. O-O Na7 17. Qe2 Ne4 18. Rfc1 Nxb5 19. Qxb5 Nd6 20. Bxd6 Bxd6 21. Rc6 Bxc7
22. Rac1 Ra7 23. Rxb6 Bxb6 24. Rxc8 Rxc8 25. Qxb6 1-0

[Event "Titled Tue 20th May Early"]
[Site "chess.com INT"]
[Date "2025.05.20"]
[Round "3"]
[White "Shandrygin, Nikita"]
[Black "Ter-Sahakyan, Samvel"]
[Result "0-1"]
[WhiteTitle "FM"]
[BlackTitle "GM"]
[WhiteElo "2209"]
[BlackElo "2611"]
[WhiteFideId "24198668"]
[BlackFideId "13302531"]
[EventDate "2025.05.20"]

1. Nf3 d5 2. g3 g6 3. Bg2 Bg7 4. d4 Nf6 5. O-O O-O 6. b3 c5 7. Bb2 Ne4 8. Nbd2
Nc6 9. e3 Bg4 10. h3 Nxd2 11. Qxd2 Bxf3 12. Bxf3 cxd4 13. exd4 e6 14. c3 h5 15.
Bg2 Ne7 16. Rac1 Qd7 17. Ba3 Rfd8 18. Bxe7 Qxe7 19. c4 dxc4 20. Rxc4 Rd7 21. Qe2
Rad8 22. Rfc1 Bxd4 23. Kh2 h4 24. Be4 Qf6 25. R1c2 Kg7 26. Kg2 Bb6 27. Qf3 Qxf3+
28. Kxf3 f5 0-1

[Event "Titled Tue 20th May Early"]
[Site "chess.com INT"]
[Date "2025.05.20"]
[Round "3"]
[White "Nebel, Jens"]
[Black "Zanette, Edgard Vinicius"]
[Result "1-0"]
[WhiteTitle "CM"]
[WhiteElo "2212"]
[BlackElo "2041"]
[WhiteFideId "4689232"]
[BlackFideId "2109263"]
[EventDate "2025.05.20"]

1. e4 c5 2. d4 cxd4 3. c3 dxc3 4. Nxc3 e6 5. Nf3 a6 6. Bc4 b5 7. Bb3 d6 8. O-O
Be7 9. Qe2 Nf6 10. Rd1 Qc7 11. Bf4 Nc6 12. Rac1 O-O 13. Nd5 Qb7 14. Rxc6 exd5
15. exd5 Bg4 16. h3 Bd7 17. Qxe7 Bxc6 18. Bxd6 Bd7 19. Qe3 Rfe8 20. Qd3 Rac8 21.
Be5 Qb6 22. d6 Bc6 23. Bxf6 1-0

[Event "Titled Tue 20th May Early"]
[Site "chess.com INT"]
[Date "2025.05.20"]
[Round "3"]
[White "Keneshbekov, Elim"]
[Black "Khandhadia, Nivaan Rathin"]
[Result "1-0"]
[WhiteTitle "CM"]
[WhiteElo "1867"]
[BlackElo "2112"]
[WhiteFideId "13816772"]
[BlackFideId "25753274"]
[EventDate "2025.05.20"]

1. e4 c5 2. Nf3 d6 3. b3 Nc6 4. Bb2 Nf6 5. Nc3 g6 6. d4 cxd4 7. Nxd4 Bg7 8. g3
O-O 9. Bg2 Nd7 10. Nde2 Nde5 11. h3 b6 12. f4 Nd7 13. O-O Bb7 14. Qd2 Rc8 15.
Rad1 a6 16. e5 Nc5 17. exd6 exd6 18. Qxd6 Qxd6 19. Rxd6 b5 20. Kh2 b4 21. Na4
Nxa4 22. Bxg7 Kxg7 23. bxa4 Rfe8 24. Rf2 a5 25. g4 Nd8 26. f5 Bxg2 27. f6+ Kg8
28. Kxg2 Rxc2 29. Nf4 Rxf2+ 30. Kxf2 Ne6 31. Nxe6 fxe6 32. Rd7 h6 33. f7+ 1-0

[Event "Titled Tue 20th May Early"]
[Site "chess.com INT"]
[Date "2025.05.20"]
[Round "3"]
[White "Brancaleoni, Maurizio"]
[Black "Akkara, Omer"]
[Result "1/2-1/2"]
[WhiteTitle "FM"]
[BlackTitle "CM"]
[WhiteElo "2185"]
[BlackElo "2036"]
[WhiteFideId "803022"]
[BlackFideId "26319802"]
[EventDate "2025.05.20"]

1. Nf3 Nf6 2. c4 c5 3. g3 Nc6 4. Bg2 g6 5. b3 Bg7 6. Bb2 O-O 7. O-O d6 8. d4
cxd4 9. Nxd4 Nxd4 10. Qxd4 Qc7 11. Nc3 a6 12. Nd5 Qd8 13. Rfd1 Be6 14. Nf4 Nh5
15. Qd2 Nxf4 16. gxf4 Bxb2 17. Qxb2 Rb8 18. c5 Qc7 19. cxd6 exd6 20. Rac1 Qe7
21. Qd4 Rfd8 22. Rc3 Rbc8 23. Rdc1 Rxc3 24. Rxc3 Rc8 25. Rxc8+ Bxc8 26. e3 Qc7
27. h3 Be6 28. Kh2 b5 29. Kg3 Qc5 30. Qf6 Qc2 31. Qd8+ Kg7 32. Qxd6 Qxa2 33.
Qe5+ Kf8 34. Qb8+ Ke7 35. Qc7+ Ke8 36. Qb8+ Ke7 37. Qc7+ Kf8 38. Qb8+ Kg7 39.
Qe5+ Kf8 40. Qb8+ 1/2-1/2

[Event "Titled Tue 20th May Early"]
[Site "chess.com INT"]
[Date "2025.05.20"]
[Round "3"]
[White "Dambaev, Dashi"]
[Black "Christie, Joshua"]
[Result "0-1"]
[WhiteTitle "CM"]
[BlackTitle "FM"]
[WhiteElo "2211"]
[BlackElo "2213"]
[WhiteFideId "55628494"]
[BlackFideId "7402074"]
[EventDate "2025.05.20"]

1. e4 e6 2. d4 d5 3. Nd2 c5 4. exd5 exd5 5. Ngf3 Nf6 6. Bb5+ Bd7 7. Qe2+ Qe7 8.
dxc5 Qxe2+ 9. Bxe2 Bxc5 10. Nb3 Bb6 11. Nfd4 Nc6 12. Be3 O-O 13. O-O-O Rfe8 14.
Rhe1 Bg4 15. h3 Bd7 16. Bb5 Rac8 17. c3 Nxd4 18. Nxd4 Bxd4 19. Bxd4 Bxb5 20.
Bxf6 gxf6 21. Rxe8+ Rxe8 22. Rxd5 Bc6 23. Rd4 Re2 24. Rd2 Rxd2 25. Kxd2 Bxg2 0-1

[Event "Titled Tue 20th May Early"]
[Site "chess.com INT"]
[Date "2025.05.20"]
[Round "3"]
[White "Teh, Wee Zhun"]
[Black "Rosh, Jain"]
[Result "0-1"]
[WhiteTitle "CM"]
[BlackTitle "FM"]
[WhiteElo "2010"]
[BlackElo "2254"]
[WhiteFideId "5707277"]
[BlackFideId "25789465"]
[EventDate "2025.05.20"]

1. d4 a6 2. e4 b5 3. a4 Bb7 4. Bd3 e6 5. Nf3 c5 6. c3 Nf6 7. e5 Nd5 8. axb5 axb5
9. Rxa8 Bxa8 10. Bxb5 Qb6 11. Bd3 cxd4 12. cxd4 Bb4+ 13. Nbd2 Nf4 14. Qc2 Bxf3
15. gxf3 Qxd4 16. Be2 Qxe5 17. Qd1 O-O 18. Kf1 Qg5 19. Rg1 Qh5 20. Rg3 Qxh2 0-1

[Event "Titled Tue 20th May Early"]
[Site "chess.com INT"]
[Date "2025.05.20"]
[Round "3"]
[White "Buscar, Michael"]
[Black "Danzer, George"]
[Result "1-0"]
[BlackTitle "CM"]
[WhiteElo "2016"]
[BlackElo "2172"]
[WhiteFideId "2603616"]
[BlackFideId "4659465"]
[EventDate "2025.05.20"]

1. d4 Nf6 2. c4 g6 3. Nc3 d5 4. Nf3 Bg7 5. Qb3 dxc4 6. Qxc4 O-O 7. Bf4 Na6 8. e3
b6 9. Qc6 Bd7 10. Qb7 Nb4 11. Rc1 c5 12. dxc5 bxc5 13. a3 Bc6 14. Qc7 Qxc7 15.
Bxc7 Nbd5 16. Be5 Rac8 17. Ba6 Rcd8 18. O-O Nxc3 19. Rxc3 Bxf3 20. gxf3 Rd5 21.
f4 Ne4 22. Bxg7 Kxg7 23. Rc2 Rb8 24. Rfc1 1-0

[Event "Titled Tue 20th May Early"]
[Site "chess.com INT"]
[Date "2025.05.20"]
[Round "3"]
[White "Atis, Hasan"]
[Black "Koshulyan, Egor A."]
[Result "0-1"]
[WhiteTitle "CM"]
[BlackTitle "FM"]
[WhiteElo "2089"]
[BlackElo "2235"]
[WhiteFideId "44598017"]
[BlackFideId "24237000"]
[EventDate "2025.05.20"]

1. e4 d5 2. exd5 Qxd5 3. Nc3 Qa5 4. d4 Nf6 5. Nf3 Bf5 6. Bc4 e6 7. O-O Bb4 8.
Bd2 Nc6 9. a3 Bxc3 10. Bxc3 Qb6 11. Re1 O-O-O 12. h3 Rhg8 13. Ne5 Nxd4 14. Nxf7
Nxc2 15. Nxd8 Rxd8 16. Bxe6+ Qxe6 17. Rxe6 Rxd1+ 18. Rxd1 Bxe6 19. g4 h6 20. Kg2
Nd5 21. Bxg7 Nce3+ 22. fxe3 Nxe3+ 23. Kf3 Nxd1 24. Ke2 Bb3 25. h4 Kd7 26. Bd4
Ke6 27. Kd2 b6 28. g5 hxg5 29. h5 Kf5 30. h6 Kg6 0-1

[Event "Titled Tue 20th May Early"]
[Site "chess.com INT"]
[Date "2025.05.20"]
[Round "3"]
[White "Santos, Rafael Ventura Dos"]
[Black "Tan, Jun Ying"]
[Result "0-1"]
[WhiteTitle "FM"]
[BlackTitle "FM"]
[WhiteElo "2113"]
[BlackElo "2414"]
[WhiteFideId "2122227"]
[BlackFideId "5710413"]
[EventDate "2025.05.20"]

1. e4 c5 2. Nf3 e6 3. d4 cxd4 4. Nxd4 Nc6 5. Nxc6 bxc6 6. Bd3 Nf6 7. Nd2 d5 8.
O-O Be7 9. b3 O-O 10. Bb2 Qc7 11. c4 Bb7 12. Qc2 h6 13. Rfe1 Rac8 14. Rad1 Nd7
15. exd5 cxd5 16. Qb1 Bf6 17. cxd5 Bxd5 18. Bxf6 Nxf6 19. Ne4 Nxe4 20. Bxe4 Bxe4
21. Qxe4 Qc2 22. Qa4 Rc7 23. h3 Rfc8 24. Rd7 Qb2 25. Rxc7 Rxc7 26. Re3 Rc1+ 27.
Kh2 Qxf2 28. Qe8+ Kh7 29. Rf3 Qg1+ 30. Kg3 Rc2 31. Qxf7 Rxg2+ 32. Kf4 Qd4# 0-1

[Event "Titled Tue 20th May Early"]
[Site "chess.com INT"]
[Date "2025.05.20"]
[Round "3"]
[White "Odegov, Artem"]
[Black "Dilmukhametov, Artur"]
[Result "1-0"]
[WhiteTitle "FM"]
[BlackTitle "FM"]
[WhiteElo "2244"]
[BlackElo "2276"]
[WhiteFideId "34183644"]
[BlackFideId "24179922"]
[EventDate "2025.05.20"]

1. d4 Nf6 2. Nf3 g6 3. Nc3 Bg7 4. e4 d6 5. Bg5 O-O 6. h4 h5 7. Qd2 c5 8. dxc5
dxc5 9. Qxd8 Rxd8 10. e5 Nd5 11. O-O-O Be6 12. Bc4 f6 13. Bxd5 Bxd5 14. Nxd5 Nc6
15. exf6 exf6 16. Nxf6+ Kf7 17. Ne4 Rxd1+ 18. Rxd1 Nd4 19. Nxd4 cxd4 20. Re1 Be5
21. Nd2 Bd6 22. Nc4 Bb4 23. Re4 b5 24. Ne5+ Ke6 25. Nd3+ Kd5 26. Re5+ Kc4 27.
b3+ Kc3 28. Rc5+ Bxc5 29. Bd2# 1-0

[Event "Titled Tue 20th May Early"]
[Site "chess.com INT"]
[Date "2025.05.20"]
[Round "3"]
[White "Mohylnyi, Stepan"]
[Black "Urbina Perez, Juan Antonio"]
[Result "1/2-1/2"]
[WhiteTitle "FM"]
[BlackTitle "FM"]
[WhiteElo "2314"]
[BlackElo "2221"]
[WhiteFideId "34127836"]
[BlackFideId "2217368"]
[EventDate "2025.05.20"]

1. e4 c5 2. Nf3 d6 3. Bb5+ Bd7 4. Bxd7+ Nxd7 5. d4 cxd4 6. Qxd4 Ngf6 7. c4 Qb6
8. Qxb6 Nxb6 9. Nbd2 g6 10. b3 Bg7 11. Bb2 O-O 12. O-O Rfe8 13. Bd4 Nbd7 14.
Rac1 b6 15. Rfd1 Rac8 16. Ne1 Nc5 17. f3 Ne6 18. Be3 Nd7 19. Nd3 Nec5 20. Nxc5
Nxc5 21. Bxc5 Rxc5 22. Nf1 Bh6 23. Rc2 Rec8 24. a4 a6 25. Rd5 b5 26. axb5 axb5
27. Rxc5 Rxc5 28. Kf2 bxc4 29. Rxc4 Ra5 30. Ra4 Rb5 31. b4 Bf4 32. Ne3 Be5 33.
Ke2 Bc3 34. Nd5 Bf6 35. Nxf6+ exf6 36. Kd3 Kf8 37. Kc4 Rg5 38. b5 Ke7 39. Ra7+
Kd8 40. Rxf7 Rxg2 41. Rxh7 Rf2 42. Kd5 Rxf3 43. Kxd6 Kc8 44. b6 Kb8 45. Ke6 g5
46. Rf7 Rf4 47. b7 Rxe4+ 48. Kxf6 Rh4 1/2-1/2

[Event "Titled Tue 20th May Early"]
[Site "chess.com INT"]
[Date "2025.05.20"]
[Round "3"]
[White "Cernov, Henrik"]
[Black "Atakhan, Abtin"]
[Result "1/2-1/2"]
[WhiteTitle "FM"]
[BlackTitle "IM"]
[WhiteElo "2325"]
[BlackElo "2410"]
[WhiteFideId "16258312"]
[BlackFideId "22502203"]
[EventDate "2025.05.20"]

1. e4 c5 2. Nf3 d6 3. Bb5+ Nd7 4. d4 cxd4 5. Qxd4 a6 6. Bxd7+ Bxd7 7. Nc3 Nf6 8.
Bg5 e6 9. O-O-O Be7 10. e5 dxe5 11. Nxe5 Bc6 12. Nxc6 bxc6 13. Bxf6 Bxf6 14. Qc5
Qc7 15. Ne4 Qf4+ 16. Nd2 Rc8 17. g3 Qb8 18. Nc4 Be7 19. Nd6+ Bxd6 20. Rxd6 O-O
21. Rxc6 Qb7 22. Rxc8 Rxc8 23. Rd1 h6 24. Qd4 Qb5 25. h4 h5 26. Qd3 Qa4 27. Kb1
g6 28. b3 Qg4 29. Rd2 Qb4 30. Qd7 1/2-1/2

[Event "Titled Tue 20th May Early"]
[Site "chess.com INT"]
[Date "2025.05.20"]
[Round "3"]
[White "Shukhman, Anna"]
[Black "Dreelinck, Jacob"]
[Result "1-0"]
[WhiteTitle "WGM"]
[BlackTitle "FM"]
[WhiteElo "2413"]
[BlackElo "2252"]
[WhiteFideId "54180058"]
[BlackFideId "250511"]
[EventDate "2025.05.20"]

1. e4 c5 2. Nf3 d6 3. d4 cxd4 4. Nxd4 Nf6 5. Nc3 a6 6. Qd3 g6 7. Bg5 Bg7 8.
O-O-O O-O 9. Be2 Nbd7 10. f4 Qc7 11. h4 b5 12. h5 b4 13. Nd5 Nxd5 14. exd5 Nf6
15. hxg6 hxg6 16. f5 Nh7 17. Rxh7 Kxh7 18. Rh1+ Kg8 19. Qh3 Rd8 20. Qh7+ Kf8 21.
Bh6 Bxf5 22. Qh8# 1-0

[Event "Titled Tue 20th May Early"]
[Site "chess.com INT"]
[Date "2025.05.20"]
[Round "3"]
[White "Guerra Tulcan, Lenin"]
[Black "Khafizova, Diana"]
[Result "1-0"]
[WhiteTitle "IM"]
[BlackTitle "WFM"]
[WhiteElo "2310"]
[BlackElo "2073"]
[WhiteFideId "3601382"]
[BlackFideId "34378049"]
[EventDate "2025.05.20"]

1. e4 d6 2. d4 Nf6 3. Bd3 g6 4. Ne2 Bg7 5. O-O O-O 6. c3 Nbd7 7. a4 e5 8. f4
exd4 9. cxd4 Re8 10. Nbc3 c5 11. d5 a6 12. Kh1 Qc7 13. Ng3 Rb8 14. a5 c4 15. Bc2
Nc5 16. Be3 Bg4 17. Qd2 h5 18. e5 Nfd7 19. exd6 Qxd6 20. Nge4 Bxc3 21. Nxc3 Nf6
22. Bd4 Rbd8 23. Be5 Rxe5 24. fxe5 Qxe5 25. Rae1 Qd6 26. h3 Bc8 27. Qf2 Kg7 28.
Re6 Nxe6 29. Qxf6+ Kg8 30. dxe6 Bxe6 31. Rd1 1-0

[Event "Titled Tue 20th May Early"]
[Site "chess.com INT"]
[Date "2025.05.20"]
[Round "3"]
[White "Fishman, Albert"]
[Black "Alonso, Raphael V. P. Patricio"]
[Result "0-1"]
[WhiteElo "2149"]
[BlackElo "2130"]
[WhiteFideId "2090597"]
[BlackFideId "2108585"]
[EventDate "2025.05.20"]

1. e4 d5 2. exd5 Qxd5 3. Qf3 c6 4. Qxd5 cxd5 5. d4 Nc6 6. c3 Bf5 7. Bf4 e6 8.
Nd2 Nf6 9. Ne2 Be7 10. h3 h6 11. g4 Bg6 12. Nc1 O-O 13. Bd3 Ne4 14. Bxe4 dxe4
15. Nc4 b5 16. Ne3 b4 17. Nb3 a5 18. O-O-O a4 19. Nd2 a3 20. Nb1 axb2+ 21. Kxb2
bxc3+ 22. Nxc3 Nb4 23. d5 Nd3+ 24. Rxd3 exd3 25. dxe6 fxe6 26. Rd1 Ba3+ 27. Ka1
Rxf4 28. Nb5 Be7 29. Nc7 Rb4 30. Ned5 exd5 31. Nxd5 Bf6+ 32. Nxf6+ gxf6 33. f4
Be4 34. Rd2 Rc4 35. g5 Rc2 36. Rd1 Raxa2+ 37. Kb1 Rcb2+ 38. Kc1 d2+ 39. Rxd2
Rb1# 0-1

[Event "Titled Tue 20th May Early"]
[Site "chess.com INT"]
[Date "2025.05.20"]
[Round "3"]
[White "Ahmad, Khagan"]
[Black "Parfenov, Viktor N."]
[Result "1-0"]
[WhiteTitle "IM"]
[BlackTitle "CM"]
[WhiteElo "2405"]
[BlackElo "2193"]
[WhiteFideId "13431552"]
[BlackFideId "4165969"]
[EventDate "2025.05.20"]

1. Nf3 d5 2. e3 Nf6 3. c4 dxc4 4. Bxc4 e6 5. O-O c5 6. b3 Be7 7. Bb2 O-O 8. d4
Nbd7 9. Nc3 a6 10. dxc5 Nxc5 11. Qxd8 Rxd8 12. Rfd1 b5 13. Be2 Bb7 14. Nd4 b4
15. Nb1 g6 16. Nd2 Nfe4 17. Nc4 Nc3 18. Bxc3 bxc3 19. Rac1 Ne4 20. Na5 Bd5 21.
Ndc6 Bxc6 22. Rxd8+ Rxd8 23. Nxc6 Rd2 24. Nxe7+ Kf8 25. Bf3 c2 26. Nc6 Nc3 27.
Nb4 Rd1+ 28. Bxd1 cxd1=Q+ 29. Rxd1 Nxd1 30. Nxa6 Nc3 31. Nb4 Ke7 32. Kf1 Kd6 33.
Ke1 e5 34. a4 e4 35. Kd2 Nb1+ 36. Kc2 Na3+ 37. Kb2 1-0

[Event "Titled Tue 20th May Early"]
[Site "chess.com INT"]
[Date "2025.05.20"]
[Round "3"]
[White "Shokirjonova, Barchinoy"]
[Black "Tekeyev, Zaur"]
[Result "0-1"]
[WhiteTitle "WFM"]
[BlackTitle "IM"]
[WhiteElo "2043"]
[BlackElo "2417"]
[WhiteFideId "14212307"]
[BlackFideId "4199731"]
[EventDate "2025.05.20"]

1. d4 Nf6 2. Nf3 e6 3. c4 Bb4+ 4. Bd2 Qe7 5. g3 Nc6 6. Bg2 Bxd2+ 7. Nbxd2 d6 8.
O-O e5 9. d5 Nb8 10. e4 a5 11. a3 a4 12. Rc1 Nbd7 13. Qc2 Nc5 14. Ne1 h5 15. h4
Ng4 16. Nd3 b6 17. Nxc5 bxc5 18. f4 Ne3 19. Qd3 Nxf1 20. Rxf1 exf4 21. Rxf4 Rb8
22. Qc2 Bd7 23. Nf3 f6 24. Bf1 g5 25. hxg5 fxg5 26. Rf5 Bxf5 27. exf5 Qe3+ 28.
Kg2 Rb3 29. Be2 g4 30. f6 gxf3+ 31. Kh3 Qg5 32. Bd3 Rg8 33. Bf5 Qxg3# 0-1

[Event "Titled Tue 20th May Early"]
[Site "chess.com INT"]
[Date "2025.05.20"]
[Round "3"]
[White "Dumanuly, Sultanbeibarys"]
[Black "Kozak, Antoni"]
[Result "0-1"]
[WhiteTitle "FM"]
[WhiteElo "2117"]
[BlackElo "2426"]
[WhiteFideId "13731963"]
[BlackFideId "21832030"]
[EventDate "2025.05.20"]

1. e4 g6 2. d4 Bg7 3. Nc3 d6 4. Be3 Nd7 5. Qd2 a6 6. f3 e6 7. h4 h6 8. O-O-O b5
9. h5 g5 10. f4 gxf4 11. Bxf4 Bb7 12. Bd3 Bxd4 13. Nf3 Bg7 14. Rh3 Ne7 15. Rg3
Bf6 16. Bxh6 Nc6 17. Rf1 b4 18. Ne2 Bxb2+ 19. Kxb2 Qf6+ 20. Kb1 Qxh6 21. Rg8+
Ke7 22. Qxh6 Rxh6 23. Rxa8 Bxa8 24. g4 Nce5 25. Nxe5 Nxe5 26. Rg1 c5 27. Nf4 c4
28. Be2 Bxe4 29. g5 Rh8 30. h6 d5 31. Nh5 b3 32. axb3 cxb3 33. Bd1 bxc2+ 34.
Bxc2 Rb8+ 35. Kc1 Rc8 36. Nf6 Bxc2 37. Kd2 Nf3+ 0-1